Statistiche per Regioni d'Italia per abitanti

Clicka qui per fare il quiz!

Statistiche generali

  • Questo quiz è stato fatto 231 volte
  • Il punteggio medio è 12 su 20

Statistiche sulle risposte

#RegionePopolazione% Corretto
1Lombardia10.036.258
100%
2Lazio5.896.860
97%
4Sicilia5.026.989
86%
3Campania5.826.860
85%
5Veneto4.903.722
81%
7Piemonte4.375.865
73%
6Emilia Romagna4.452.629
72%
8Puglia4.048.242
68%
9Toscana3.736.968
61%
19Molise308.493
57%
20Valle d'Aosta126.202
57%
10Calabria1.956.687
53%
18Basilicata567.118
47%
11Sardegna1.648.176
47%
12Liguria1.556.981
40%
17Umbria884.640
37%
14Abruzzo1.315.196
36%
13Marche1.531.753
36%
15Friuli Venezia Giulia1.216.853
25%
16Trentino Alto Adige1.067.648
24%

Distribuzione punteggi

Percentile per numero di risposta

Percentuale di utenti per punteggio

I tuoi punteggi nel tempo

Non hai fatto questo quiz